| Tag |
First Indicator |
Second Indicator |
Subfields |
| LEADER |
00000cam a22000001a 4500 |
| 001 |
in00003415321 |
| 006 |
m d f |
| 007 |
cr bn mmmapmmp |
| 008 |
101220s2008 dcu o f000 0 eng d |
| 005 |
20260430154522.0 |
| 035 |
|
|
|a cis2007864530
|
| 040 |
|
|
|a ProQuest
|c ProQuest
|d UtOrBLW
|
| 043 |
|
|
|a n-us---
|
| 099 |
|
|
|a CRS-2008-FDT-0117
|
| 110 |
2 |
|
|a Library of Congress.
|b Congressional Research Service.
|
| 245 |
1 |
0 |
|a Afghanistan :
|b Post-War Governance, Security, and U.S. Policy.
|
| 264 |
|
1 |
|a [Place of publication not identified] :
|b [publisher not identified],
|c 2008.
|
| 300 |
|
|
|a 1 online resource.
|
| 336 |
|
|
|a text
|b txt
|2 rdacontent
|
| 337 |
|
|
|a computer
|b c
|2 rdamedia
|
| 338 |
|
|
|a online resource
|b cr
|2 rdacarrier
|
| 500 |
|
|
|a Record is based on bibliographic data in ProQuest U.S. Congressional Research Digital Collection (last viewed Dec. 2010). Reuse except for individual research requires license from ProQuest, LLC.
|
| 500 |
|
|
|a CRS Report.
|
| 520 |
|
|
|a Provides historical background on the political instability of Afghanistan, and reviews recent developments in Afghanistan's political transition to democracy. Discusses post-war stabilization and reconstruction efforts as well as post-war security operations and force capacity building. Examines Afghanistan's regional context, outlines U.S. and international aid to Afghanistan, and addresses residual issues from past conflicts. Includes tables.
|
| 500 |
|
|
|a Electronic resource.
|
| 650 |
|
0 |
|a Armed Forces.
|
| 650 |
|
0 |
|a Military assistance.
|
| 651 |
|
0 |
|a Afghanistan.
|
| 655 |
|
7 |
|a Electronic books.
|2 local
|
| 710 |
2 |
|
|a ProQuest (Firm)
|
| 776 |
0 |
8 |
|i Microfiche version:
|a Library of Congress. Congressional Research Service.
|t Afghanistan
|
| 830 |
|
0 |
|a U.S. Congressional Research.
|
| 856 |
4 |
0 |
|u http://proxy.library.tamu.edu/login?url=https://congressional.proquest.com/congcomp/getdoc?CRDC-ID=CRS-2008-FDT-0117
|z Connect to the full text of this electronic book
|t 0
|
| 999 |
|
|
|a MARS
|
| 999 |
f |
f |
|s 97e4390f-a4ff-3017-99ad-b96b6acb1d8e
|i 6ce6bed3-c25a-3d6c-8c5c-f66c2c740e78
|t 0
|
| 952 |
f |
f |
|a Texas A&M University
|b College Station
|c Electronic Resources
|s www_evans
|d Available Online
|t 0
|e CRS-2008-FDT-0117
|h Other scheme
|
| 998 |
f |
f |
|a CRS-2008-FDT-0117
|t 0
|l Available Online
|